Janovi Lazoryku - 85

Bibliographic Details
Main Author: Mušinka, Mikuláš, 1936-2024 (Author)
Format: Article
Language:Ukrainian
PhysicalDescription:Fotogr.
Subjects:

MARC

LEADER 00000nab a2200000 a 4500
001 vtls008622266
003 SK-MaSNL
005 20260318115105.0
008 060214c2005 xo wr p 000 c0ukr
015 |a SNBRB2006/02 
038 |a SVKPOCL 
040 |a SVKPOCL  |b slo  |c AACR2  |e AACR2 
041 0 |a ukr 
044 |a xo  |c SK 
080 |a 39-051  |2 1997 
080 |a 929 Lazorík, Ján  |2 1997 
100 1 |a Mušinka, Mikuláš,  |d 1936-2024  |4 aut  |9 99915 
245 1 0 |a Janovi Lazoryku - 85  |c M. Mušynka 
300 |b Fotogr. 
600 1 7 |a Lazorík, Ján,  |d 1920-2015  |2 svkpocl  |9 160886 
651 7 |a Krivany (Slovensko)  |2 svkpocl  |9 57192 
651 7 |a Sabinov (Slovensko : okres)  |2 svkpocl  |9 29014 
655 7 |a biografie  |2 svkpocl  |9 27965 
773 0 |t Nove žyttja  |g Roč. 55, č. 39-40 (2005), s. 39-40 
852 |a SVKPO  |b KIS3GCP 
958 |a UK 
958 |a SK 
958 |a BX 
999 |c 3343608  |d 3345538